Prénoms Harry Potter - Statistiques

Statistiques générales
  • Ce quiz a été pris 369 fois
  • Le résultat moyen est 12 sur 15
Statistiques - réponses
Hint Réponse % Correct
Serdaigle Rowena
98%
Tonks Nymphadora
95%
Crabbe Vincent
94%
Goyle Grégory
91%
Tourdesac Bathilda
90%
Abbot Hannah
90%
Chourave Pomona
90%
Grindewald Gellert
82%
Shackelbot Kingsley
81%
MacMillan Ernie
76%
Dolohov Antonin
75%
Scrimgeour Rufus
75%
Pince Irma
60%
Dippet Armando
58%
Edgecombe Marietta
39%
Aucun quiz correspondant
Distribution des résultats
% des personnes avec chaque résultat
Percentile par nombre de réponses
Votre historique - résultats
Vous n’avez pas pris ce quiz